01424nam a2200361 i 45000010005000000030009000050050017000140080039000310150017000700400035000870410013001220800011001352450112001462460062002582600055003203000039003753800017004145040034004315210139004656500026006046500022006306550017006526500023006696500021006927000039007137000047007527100041007998560097008409420012009379990015009499520048009649520050010128133KOSZ 00520191012112912.0080710s1961 pl a f 001 0 pol aPB 1961/6924 aWA NcKOSZ 005/RWdKOSZ 005/RW1 apolheng a539:6200aWiedza o cząsteczce i inżynieria molekularna /cArthur R. Von Hippel [et al.] ; tł. Z. Halka [et al.].1 iTyt. oryg.:aMolecular science and molecular engineering. aWarszawa :bWydawnictwa Naukowo-Techniczne,c1961. a403, [1] s. :bil., err. ;c30 cm. aKsiążki. aBibliogr. przy rozdz. Indeks.8 aDla fizyków, chemików, inżynierów różnych specjalności oraz dla studentów wyższych lat politechniki i uniwersytetu.  4aCząsteczkaxfizyka. 4aElektryczność 4aPodręcznik 4aMateriałoznawstwo 4aElektromagnetyzm1 aHalka, Zygmuntd(1933-2008).eTł.1 aVon Hippel, Arthur R.d(1898-2003).eAutor2 aWydawnictwa Naukowo-Techniczne4pbl. uhttp://koha.tu.koszalin.pl/cgi-bin/koha/opac-detail.pl?biblionumber=8133yKatalog online BPK 2UKDcKS c8133d8133 00104070aBPKbBPKcwo4603p01886702yKS 00104070aBPKbBPKcwo4603/Lp01392975yKS